[Event "FRA-ch U12"]
[Site "Agen"]
[Date "2024.04.15"]
[Round "2"]
[White "Nicot, Valentin"]
[Black "Rashtiani, Rayan"]
[Result "1-0"]
[WhiteElo "1989"]
[BlackElo "1734"]
[PlyCount "65"]
[EventDate "2024.04.14"]
[EventType "swiss"]
[EventRounds "9"]
[EventCountry "FRA"]
[SourceTitle "EXT 2025"]
[Source "ChessBase"]
[SourceDate "2024.10.14"]
[SourceVersion "1"]
[SourceVersionDate "2024.10.14"]
[SourceQuality "1"]

1. e4 c6 2. Nf3 d5 3. d3 Bg4 4. h3 Bxf3 5. Qxf3 e6 6. Nc3 Nd7 7. Be2 Ngf6 8. Qg3 Qb8 9. Qxb8+ Rxb8 10. Bf4 e5 11. Bg3 Bb4 12. 0-0-0 0-0 13. exd5 cxd5 14. Bf3 Bxc3 15. bxc3 Rbc8 16. Rhe1 Rfe8 17. Kd2 e4 18. Be2 Ne5 19. Rb1 b6 20. a4 Nc6 21. Bh4 Na5 22. Rb5 Re5 23. c4 exd3 24. cxd3 Rd8 25. c5 Re6 26. Reb1 Nc6 27. Bg4 Ree8 28. cxb6 axb6 29. Rxb6 Rb8 30. Rxb8 Nxb8 31. Bxf6 gxf6 32. Rb6 Kg7 33. a5 1-0